Trade and development report 1997.
| Format: | Book |
|---|---|
| Published: |
New York:
United Nations,
1997.
|
| Subjects: |
| LEADER | 00439cam a2200157 7i4500 | ||
|---|---|---|---|
| 001 | 0000006439 | ||
| 005 | 19991025090000.0 | ||
| 002 | ##000008128 | ||
| 020 | 0 | 0 | |a 92-1-112411-5 |
| 090 | 0 | 0 | |a I 330.9 |b TRA |
| 245 | 0 | 0 | |a Trade and development report 1997. |
| 260 | 0 | 0 | |a New York: |b United Nations, |c 1997. |
| 300 | 0 | 0 | |a 195 p.. |
| 650 | 0 | 0 | |a Economic development |
| 650 | 0 | 0 | |a Economic conditions |
| 999 | |a 0000009485 |b Book |c Open shelf |e Business Information Centre | ||


